| 000 | 00638nam a2200181Ia 4500 | ||
|---|---|---|---|
| 008 | 090124s9999 xx 000 0 und d | ||
| 082 | _b38758 | ||
| 100 | _aमहानोर ना. धों. | ||
| 245 | _a प्रार्थना दयाघना | ||
| 250 | _a1 | ||
| 260 |
_b"पॉप्युलर प्रकाशन ,बाँम्बे" _c1992 |
||
| 300 | _a94 | ||
| 600 | _aमहानोर ना. धों. | ||
| 630 | _a प्रार्थना दयाघना | ||
| 700 | _aमहानोर ना. धों. | ||
| 730 | _a प्रार्थना दयाघना | ||
| 942 | _cBOOK | ||
| 999 |
_c104954 _d104954 |
||